00894nam a2200241Ia 450000100060000000300090000600800410001504000130005604000130006904100130008210000180009510000290011324500530014224500280019525000110022326000100023426000110024426000490025530000590030450002420036365000160060565000310062111835IT-RoPAU130308s9999 xx 000 0 und d aIT-RoPAU cIT-RoPAU aFRANCESE aMoles Abraham gCodice Aut. SPICS: 3668 aMethode cybernetique et structures linguistiques bPhonetique et Phonation a1a ed. aPARIS bMasson c1966 [1° Ed.:1966 - Ed.Ling.Originale:1966] a"19 p. (prefazione: no ; testo: 19 [pagine: 233-251])" aMwtodo cibernetico e strutture Linguistiche Linguistica e Fonetica Difficoltà della sintesi del Linguaggio Parlato gerarchie Fonatorie e strutture Modello cibernetico e Causalità Strutturale strutture sintattiche e Fattori Integranti aLINGUISTICA eCodice materia Spics: 3201